Regionalbahnhöfe in Berlin - Statistiken

Allgemein
  • Dieses Quiz wurde 152 mal gespielt
  • Das Durchschnittsergebnis liegt bei 16 aus 24
Antwortstatistiken
Bezirk Bahnhof % Korrekt
Spandau Berlin Spandau
96%
Mitte Berlin Hauptbahnhof
95%
Schönefeld (Brandenburg) Flughafen Berlin-Brandenburg Terminal 1-2
89%
Friedrichshain-Kreuzberg Berlin Ostkreuz
88%
Mitte Berlin Alexanderplatz
86%
Charlottenburg-Wilmersdorf Berlin Charlottenburg
86%
Friedrichshain-Kreuzberg Berlin Ostbahnhof
86%
Mitte Berlin Friedrichstraße
83%
Tempelhof-Schöneberg Berlin Südkreuz
82%
Mitte Berlin Gesundbrunnen
81%
Charlottenburg-Wilmersdorf Berlin Zoologischer Garten
78%
Lichtenberg Berlin Lichtenberg
74%
Mitte Berlin Potsdamer Platz
73%
Steglitz-Zehlendorf Berlin Wannsee
68%
Schönefeld (Brandenburg) Flughafen Berlin-Schönefeld Terminal 5
63%
Charlottenburg-Wilmersdorf Berlin Jungfernheide
55%
Treptow-Köpenick Berlin Schöneweide
48%
Steglitz-Zehlendorf Berlin Lichterfelde Ost
46%
Spandau Berlin Staaken
41%
Pankow Berlin Karow
38%
Lichtenberg Berlin Hohenschönhausen
37%
Marzahn-Hellersdorf Ahrensfelde
36%
Marzahn-Hellersdorf Berlin Mahlsdorf
32%
Spandau Berlin Albrechtshof
24%
Keine übereinstimmenden Quizze gefunden
Verteilung der Resultate
Anzahl Personen mit jedem Resultat
Perzentil nach korrekt beantworteten Fragen
Ihre Resultats-Entwicklung
Sie haben dieses Quiz noch nicht gespielt